000 00336 a2200157 4500
001 171734
020 _a
040 _cMagnum
100 _aAzevedo, Ricardo
240 1 0 _aParte sempre a mesma parte
_lpor
245 1 0 _aParte sempre a mesma parte
362 0 _a1899
440 1 _aMelhoramentos
697 _aI/POESIA
942 _cBK
999 _c171734
_d171734